000 00605nam a22001937a 4500
005 20151201125335.0
010 _aENG-114108
020 _c850.00
_a9788184249774
035 _aEN-97640
037 _bDBAD/PUB
082 _a327.5101824
245 _aChina in Indian Ocean region /
_cedited by R. Sidda Goud [and] Manisha Mookherjee
260 _aNew Delhi
_bAllied Publishers
_c2015
270 _aA-104, Mayapuri Phase II,
_bNew Delhi
_e110064
300 _axx,268p.
_c25cm(Hb)
700 _aSidda Goud, R.
700 _aMookherjee, Manisha
942 _2ddc
_cEN
_mCHI
_h327.5101824
999 _c97190
_d97190